Harry Potter and the Marvelous Misquotes Quiz Stats

 Plays Quiz Updated Apr 26, 2018

Score 0/12 Timer 03:00
13 Plays Today
Question Answer Wrong Answers
'(Fred Weasley)... the Boy Who Lived.' Harry Potter
96%
Neville Longbottom
0.9%
Colin Creevey
0.4%
Stan Shunpike
0.4%
'Ah yes, Mr Potter. Our latest... (Teaspoon).' Celebrity
94.8%
Werewolf
0.3%
Horcrux
1.7%
Patronus
0.9%
'Twitchy little (Portkey), aren't you, Malfoy?' Ferret
93.8%
Blast-Ended Skrewt
1.6%
Buckbeak
1.4%
Inferi
0.9%
'I'm shaking (ferrets) with Dumbledore' Hands
91.2%
Teaspoons
2%
All Over
3.8%
Rattling and Rolling
0.6%
'Yeh could have died! An' don' say (Crucio)!' The Name
88.3%
Imperio
4%
Mollywobbles
3.9%
Lumos
1.4%
'Miss Granger, three (Butterbeers) should do it. Good luck.' Turns
87.8%
Firewhiskies
7.8%
Hallows
1.1%
Animagi
0.8%
'You've lost me my (Crumple Horned Snorkack), boy!' Servant
86.6%
Mojo
2.3%
Wolfsbane Potion
4.7%
Horcrux
4.1%
'...and advises that he wash his hair, the (Niffler).' Slimeball
85.8%
Remembrall
7.1%
Percival
3.2%
Dodgeball
1.4%
'(Wormtail's) man through and through, aren't you?' Dumbledore's
80.3%
Voldemort's
11.3%
Longbottom's
3.8%
Snape's
2.2%
'Brains like that, you could be a (Blast-Ended Skrewt), son.' Death Eater
59.9%
Weasley
31.2%
Deathly Hallow
1.1%
Mandrake
5.4%
'You lousy biased scumbag, you gave Krum (Felix Felicis)!' Ten
56.6%
The Freedom of Hogsmeade
3.6%
Hermione
20.4%
Fiendfyre
17.1%
'You need to (Stun) them, Potter!' Mean
46.9%
Stalk
3.3%
Seduce
10%
Break
37.4%

You're not logged in!

Compare scores with friends on all Sporcle quizzes.
OR
Log In

Show Comments

Extras

Top Quizzes Today


Score Distribution

Your Account Isn't Verified!

In order to create a playlist on Sporcle, you need to verify the email address you used during registration. Go to your Sporcle Settings to finish the process.

Report this User

Report this user for behavior that violates our Community Guidelines.

Details: